000
00249nam a2200097Ia 4500
001
653750
005
20250826154504.0
008
250824s9999 xx 000 0 und d
245
0
_a
ARDA'NIN DERDİ NE?
_c
NECATİ TOSUNER
260
_b
GÜNIŞIĞI YAYINLARI
999
_c
653750
_d
653750